1065 1969 1049 1347 1494 1053 1300 1817 1618 1358 1194 1227 1909 1063 1873 1598 1084 1922 1578 1570 1153 1431 1118 1179 1887 1094 1752 1606 1471 1137 1233 1283 1301 1452 1473 1951 1645 1080 1630 1500 1798 1597 1916 1210 1873 1731 1081 1424 1217 1261 1898 1317 1595 1306 1657 1741 1400 1004 1541 1701 1561 1519 1444 1025 1820 1353 1500 1260 1067 1319 1372 1179 1398 1086 1397 1352 1218 1602 1815 1325 1915 1351 1348 1509 1177 1139 1888 1321 1503 1224 1194 1859 1449 1076 1087 1898 1079 1417 1860 BCNSPRNW ULIB Ver.6.0+V

เปลี่ยนเป็นภาษาไทย

Change to English
 แสดงรายละเอียดบรรณานุกรม
  กลับหน้าหลัก

Brief Record : Get Marc (ISO 2709) : E-mail record : QR code < ปิดหน้าต่าง
LEADER : 00000nam 2200000uu 4500
001    13399122491
003     ULIB
008    980106s2530 th a m 000 0 tha d
099    ^aวพ.WK810^bว397ป
100 0  ^aวัฒนะ คล้ายดี
245 10 ^aประสิทธิผลของการจัดโปรแกรมสุขศึกษาโดยการสอนผู้ป่วยร่วมกับการใช้แรงสนับสนุนทางสังคมจากญาติผู้ป่วยในผู้ป่วยโรคเบาหวานโรงพยาบาลพยาบาลอินทร์บุรี จังหวัดสิงห์บุรี =^bThe effectiveness of health education program through patient with social support from relatives on diabetic patient''''''''s behavior at Inburi Hospital Singburi province /^cวัฒนะ คล้ายดี
246 31 ^aThe effectiveness of health education program through patient with social support from relatives on diabetic patient''''''''s behavior at Inburi Hospital Singburi province
260    ^a^c2530
300    ^a[16], 225 แผ่น :^bภาพประกอบ ;^c30 ซม.
500    ^aSend to Single Search
502    ^aวิทยานิพนธ์ (วท.ม. (สาธารณสุขศาสตร์))--มหาวิทยาลัยมหิดล, 2530
610 24 ^aมหาวิทยาลัยมหิดล^xวิทยานิพนธ์
610 24 ^aมหาวิทยาลัยมหิดล. ^bคณะสาธารณสุขศาสตร์^xวิทยานิพนธ์
650  4 ^aการสนับสนุนทางสังคม
650  4 ^aญาติพี่น้อง
650  4 ^aเบาหวาน
650  4 ^aผู้ป่วย, การศึกษา
650  4 ^aสุขศึกษา^xการศึกษาและการสอน
691    ^aวท.ม. (2530)
692    ^aสุขศึกษา (มหาวิทยาลัยมหิดล 2530)
710 2  ^aมหาวิทยาลัยมหิดล
710 2  ^aมหาวิทยาลัยมหิดล. ^bคณะสาธารณสุขศาสตร์
945    ^p0^l0^i016453
999    ^aกมลทิพย์ ธนสารสุธี
รายการนี้ยังไม่มีแท็ก
คุณยังไม่ได้ล็อกอิน คุณสามารถมีกิจกรรมร่วมกับเว็บไซต์ได้ แต่ต้องล็อกอินก่อน ::
  ล็อกอิน

รายการสื่อสารสนเทศ

ลำดับที่ ประเภท เลขเรียก/บาร์โค้ด สถานที่ สถานะ
1. วิทยานิพนธ์
วิทยานิพนธ์
วพ.WK810 ว397ป  
  Barcode: 016453
ห้องสมุดวิทยาเขตสวรรค์ประชารักษ์
► วิทยานิพนธ์
บนชั้น

รายการใกล้เคียง
    หัวเรื่อง [การสนับสนุนทางสังคม]
    หัวเรื่อง [เบาหวาน]

BibComment


ยังไม่เคยถูกคอมเมนท์

คอมเมนท์ทรัพยากรรายการนี้
  คอมเมนท์: ประสิทธิผลของการ..


 Copyright 2026. Bcnsprnw @Library